Informe anual consolidado 2018 (Registro nro. 31115)
[ vista simple ]
| 000 -CABECERA | |
|---|---|
| Longitud fija campo de control | 00937nai a22002057a 4500 |
| 003 - IDENTIFICADOR DELl NÚMERO DE CONTROL | |
| Identificador del número de control | OSt |
| 005 - FECHA Y HORA DE LA ÚLTIMA TRANSACCIÓN | |
| Fecha y hora de la última transacción | 20191219150559.0 |
| 008 - CÓDIGOS DE INFORMACIÓN DE LONGITUD FIJA | |
| Códigos de información de longitud fija | 191210b xxu||||| |||| 00| 0 eng d |
| 040 ## - FUENTE DE LA CATALOGACIÓN | |
| Centro catalogador de origen | BMC |
| Centro transcriptor | BMC |
| 082 ## - NÚMERO DE LA CLASIFICACIÓN DECIMAL DEWEY | |
| Númeroo de clasificación | 303.47284 |
| 245 00 - MENCIÓN DE TÍTULO | |
| Título | Informe anual consolidado 2018 |
| Resto del título | : sobre los programas ejecutados por los miembros de la red de atención compartida, art. 176 LEPINA |
| Mención de responsabilidad, etc. | [Samuel Ernesto Carías Herrera, Manuel Antonio Sánchez Estrada, compiladores] |
| 260 ## - PUBLICACIÓN, DISTRIBUCIÓN, ETC. (PIE DE IMPRENTA) | |
| Lugar de publicación, distribución, etc. | San Salvador, El Salvador |
| Nombre del editor, distribuidor, etc. | ISNA |
| Fecha de publicación, distribución, etc. | 2019 |
| 300 ## - DESCRIPCIÓN FÍSICA | |
| Extensión | 87 p. |
| Dimensiones | 21 cm |
| 505 ## - NOTA DE CONTENIDO CON FORMATO | |
| Nota de contenido con formato | En la port.: Sobre los programas ejecutados por los miembros de la red de atención compartida, art. 176 LEPINA |
| 650 24 - PUNTO DE ACCESO ADICIONAL DE MATERIA - TÉRMINO DE MATERIA | |
| 9 (RLIN) | 18310 |
| Término de materia o nombre geográfico como elemento inicial | Cambio social |
| Subdivisión geográfica | El Salvador |
| 700 1# - PUNTO DE ACCESO ADICIONAL - NOMBRE DE PERSONA | |
| 9 (RLIN) | 44231 |
| Nombre de persona | Carías Herrera, Samuel Ernesto |
| 700 1# - PUNTO DE ACCESO ADICIONAL - NOMBRE DE PERSONA | |
| 9 (RLIN) | 44232 |
| Nombre de persona | Sánchez Estrada, Manuel Antonio |
| 710 1# - PUNTO DE ACCESO ADICIONAL - NOMBRE DE ENTIDAD | |
| 9 (RLIN) | 20276 |
| Nombre de entidad o nombre de jurisdicción como elemento inicial | Instituto Salvadoreño para el Desarrollo integral de la Niñez y la adolescencia |
| 942 ## - ENTRADA DE ELEMENTOS AGREGADOS (KOHA) | |
| Fuente de clasificaión o esquema | Dewey Decimal Classification |
| Koha [por defecto] tipo de item | 2- Prensa y Revistas |
| Suprimido | Perdido | Fuente de clasificación o esquema | Estropeado | Restricciones de uso | No para préstamo | Código de colección | Localización permanente | Localización actual | Localización en estanter&íacute;as | Fecha adquisición | Fuente de adquisición | Número de inventario | Préstamos totales | Signatura completa | Código de barras | Fecha última consulta | Fecha del precio de reemplazo | Tipo de item de Koha |
|---|---|---|---|---|---|---|---|---|---|---|---|---|---|---|---|---|---|---|
| NULL | NULL | Dewey Decimal Classification | NULL | Prestable | NULL | NULL | Biblioteca Miguel de Cervantes - UNICAES | Biblioteca Miguel de Cervantes - UNICAES | Sala Principal | 06/12/2019 | Donación - ISNA | 000999 | RVAR - 000999 | 1046745 | 14/12/2019 | 14/12/2019 | 2- Prensa y Revistas | |
| NULL | NULL | Dewey Decimal Classification | NULL | Prestable | NULL | NULL | Biblioteca Miguel de Cervantes - UNICAES | Biblioteca Miguel de Cervantes - UNICAES | Sala Principal | 06/12/2019 | Donación - ISNA | 001000 | RVAR - 000999 | 1046746 | 14/12/2019 | 14/12/2019 | 2- Prensa y Revistas |